Reštrukturalizácia a intenzifikácia systémov spoločného stravovania - cesta k rastu efektívnosti zborník prednášok z 30. konferencie o spoločnom stravovaní

Guardado en:
Detalles Bibliográficos
Autor Corporativo: Reštrukturalizácia a intenzifikácia systémov spoločného stravovania - cesta k rastu efektívnosti. Konferencia
Formato: Libro
Lenguaje:eslovaco
Publicado: Banská Bystrica Dom techniky ZSVTS 2005
Materias:
Etiquetas: Agregar Etiqueta
Sin Etiquetas, Sea el primero en etiquetar este registro!

MARC

LEADER 00000nam$a2200000$$$4500
001 0062162
005 20240104134306.6
020 |a 80-230-0173-6 
041 0 |a slo 
044 |a SK 
245 1 0 |a Reštrukturalizácia a intenzifikácia systémov spoločného stravovania - cesta k rastu efektívnosti  |b zborník prednášok z 30. konferencie o spoločnom stravovaní  |c kolektív 
264 1 |a Banská Bystrica  |b Dom techniky ZSVTS  |c 2005 
300 |a 90 s. 
610 2 0 |a stravovanie spoločné 
610 2 0 |a reštrukturalizácia 
610 2 0 |a pohostinstvo 
610 2 0 |a výživa 
110 2 |a Reštrukturalizácia a intenzifikácia systémov spoločného stravovania - cesta k rastu efektívnosti. Konferencia